00884 2200313 4500001002100000005001500021007000300036008004100039020002200080035002000102040001700122041000800139082001000147084001600157090002400173245008400197250001300281264003600294300003400330336002100364337003000385338002300415650001900438700003700457850001000494990002200504990002200526990002200548INLIS00000000000719220260603102907ta260603 1  a978-602-53860-0-8 a0010-0822000166 aSBPUPADbind17aInd a372.1 a372.1 SUK b a621.381 MAL s 20 -1 aSeri Creative Books Gunting Tempel AKU SUKA MAKAN BUAH /cEditor ,Purindraswari a.-Cet. 1 a.--Yogyakarta :bRainbow,c2019 aii,12 hlm. :billus. ;c28 cm 2rdacontentateks 2rdamediaatanpa perantara 2rdacarrieravolume 4aBuku pelajaran0 aEditor ,PurindraswariePengarang aPUPAD a36.663/B/DPK/2022 a36.664/B/DPK/2022 a36.665/B/DPK/2022